000 00949nam a22003137a 4500
003 CHAP
005 20220329140743.0
008 971013s1979 r 00010 d
010 _a57100
011 _a58072
035 _a62227
040 _cCHAP
090 _aFolleto 11408
100 0 0 _aSkaggs, R. W.
_9106811
245 _aSimulation of crop reponse to surface and sub-surface drainage systems
260 _aSt. Joseph, Mich. :
_bAmerican Society of Agricultural Engineers,
_c1979
300 _a13 p.
490 _aDocumento
_v; 79-2555
590 _aBATCH-UPD
_b10
_c20130110
_lUCH01
_h0517
590 _aCONVERSION
_b10
_c20130109
_lUCH01
_h1331
650 1 4 _aAgua
_xEfecto en plantas.
_92372
650 1 4 _aDrenaje.
_934190
700 0 _aHiler, E. A.
_955393
700 0 _aWiser, E. H.
_9122334
830 0 _aDocumento
_v; 79-2555
_933191
901 _aBK
942 _cFOLL
949 _aFolleto 11408
_bBC
_cFOLL
_d-133365
_eTS1
_i62227
_si
999 _c57100
_d57100